<?xml version="1.0" encoding="UTF-8"?>
<record
    xmlns:xsi="http://www.w3.org/2001/XMLSchema-instance"
    xsi:schemaLocation="http://www.loc.gov/MARC21/slim http://www.loc.gov/standards/marcxml/schema/MARC21slim.xsd"
    xmlns="http://www.loc.gov/MARC21/slim">

  <leader>00813    a2200217   4500</leader>
  <controlfield tag="001">133680</controlfield>
  <datafield tag="020" ind1=" " ind2=" ">
    <subfield code="a">85-262-1727-5</subfield>
  </datafield>
  <datafield tag="040" ind1=" " ind2=" ">
    <subfield code="c">Leonardo Da Vinci</subfield>
  </datafield>
  <datafield tag="041" ind1=" " ind2=" ">
    <subfield code="a">Portugu&#xEA;s</subfield>
  </datafield>
  <datafield tag="082" ind1=" " ind2=" ">
    <subfield code="a">J R342m</subfield>
    <subfield code="b">R342m</subfield>
  </datafield>
  <datafield tag="100" ind1=" " ind2=" ">
    <subfield code="a">AV&#xC9;ROUS, Pierre</subfield>
  </datafield>
  <datafield tag="245" ind1=" " ind2=" ">
    <subfield code="a">Da montanha ao mar</subfield>
  </datafield>
  <datafield tag="250" ind1=" " ind2=" ">
    <subfield code="a">2.ed</subfield>
  </datafield>
  <datafield tag="260" ind1=" " ind2=" ">
    <subfield code="b">Scipione</subfield>
    <subfield code="c">1992</subfield>
    <subfield code="a">S&#xE3;o Paulo</subfield>
  </datafield>
  <datafield tag="300" ind1=" " ind2=" ">
    <subfield code="a">60</subfield>
  </datafield>
  <datafield tag="362" ind1=" " ind2=" ">
    <subfield code="a">19920000</subfield>
  </datafield>
  <datafield tag="490" ind1=" " ind2=" ">
    <subfield code="a">Respostas a Pequenas Curiosidades</subfield>
  </datafield>
  <datafield tag="500" ind1=" " ind2=" ">
    <subfield code="a">Luiz Cl&#xE1;udio de Castro (Tradu&#xE7;&#xE3;o)</subfield>
    <subfield code="a">H&#xE9;liadore (Ilustra&#xE7;&#xE3;o)</subfield>
  </datafield>
  <datafield tag="697" ind1=" " ind2=" ">
    <subfield code="a">Literatura juvenil</subfield>
    <subfield code="a">Ci&#xEA;ncias</subfield>
    <subfield code="a">Paisagem</subfield>
    <subfield code="a">Ro&#xE7;ado</subfield>
    <subfield code="a">Floresta</subfield>
    <subfield code="a">Ponte</subfield>
    <subfield code="a">T&#xFA;nel</subfield>
    <subfield code="a">Montanhas</subfield>
    <subfield code="a">Pedra</subfield>
    <subfield code="a">Rochedo</subfield>
    <subfield code="a">Conchas</subfield>
    <subfield code="a">Caverna</subfield>
    <subfield code="a">Vulc&#xE3;o</subfield>
    <subfield code="a">Geleiras</subfield>
    <subfield code="a">Pedregulho</subfield>
    <subfield code="a">Tijolo</subfield>
    <subfield code="a">Areia</subfield>
    <subfield code="a">Deserto</subfield>
    <subfield code="a">&#xC1;gua</subfield>
    <subfield code="a">Lago</subfield>
    <subfield code="a">Rio</subfield>
    <subfield code="a">Desfiladeiro</subfield>
    <subfield code="a">Fal&#xE9;sia</subfield>
    <subfield code="a">Barragem</subfield>
    <subfield code="a">Eclusa</subfield>
    <subfield code="a">Fonte</subfield>
    <subfield code="a">Ondas</subfield>
    <subfield code="a">Mar</subfield>
    <subfield code="a">Praia</subfield>
    <subfield code="a">Algas</subfield>
    <subfield code="a">Ilhas</subfield>
  </datafield>
  <datafield tag="942" ind1=" " ind2=" ">
    <subfield code="c">BK</subfield>
  </datafield>
  <datafield tag="952" ind1=" " ind2=" ">
    <subfield code="0">0</subfield>
    <subfield code="1">0</subfield>
    <subfield code="4">0</subfield>
    <subfield code="7">0</subfield>
    <subfield code="a">71.1</subfield>
    <subfield code="b">71.1</subfield>
    <subfield code="d">2024-03-27</subfield>
    <subfield code="l">0</subfield>
    <subfield code="o">J R342m</subfield>
    <subfield code="p">O003004</subfield>
    <subfield code="r">2024-03-27 22:33:06</subfield>
    <subfield code="w">2024-03-27</subfield>
    <subfield code="y">BK</subfield>
  </datafield>
  <datafield tag="999" ind1=" " ind2=" ">
    <subfield code="c">133680</subfield>
    <subfield code="d">133680</subfield>
  </datafield>
</record>
